| 000 | 01306nam a2200289Ia 4500 | ||
|---|---|---|---|
| 005 | 20220317001122.0 | ||
| 008 | 160825s2008 sp a g 000 0 spa | ||
| 020 | _a97884206378012 | ||
| 082 | 0 | 4 |
_a973.7 _bA73e1 |
| 100 | 1 |
_aAsimov, Isaac _d1920-1992 |
|
| 245 | 1 | 4 |
_aLos Estados Unidos de la Guerra Civil a la Primera Guerra Mundial _cIsaac Asimov ; traducido por Néstor A. Miguez |
| 250 |
_a1a. edición _b3a. reimpresión |
||
| 300 |
_a295 páginas _c18 cm |
||
| 490 |
_aEl libro de bolsillo _phumanidades |
||
| 500 | _aIncluye cronología | ||
| 505 | _aLas secuelas de la guerra -- Riqueza y corrupción -- El triunfo republicano -- Grover Cleveland -- El segundo mandato de Cleveland -- El imperialismo triunfante -- Theodore Roosevelt -- El progresismo -- Roosevelt y Taft -- Woodrow Wilson -- La primera guerra mundial | ||
| 651 | 4 |
_aEstados Unidos _xHistoria _y1862-1918 _966360 |
|
| 651 | 4 |
_aEstados Unidos _xPolítica y gobierno _y1862-1918 _966361 |
|
| 651 | 4 |
_aEstados Unidos _xGuerra de sucesión _y1862-1918 _966362 |
|
| 700 | 1 |
_aMíguez, Néstor A. _966363 |
|
| 942 |
_2ddc _cBK |
||
| 264 |
_aMadrid _bAlianza _c2008 |
||
| 336 |
_atexto _btxt _2rdacontent |
||
| 337 |
_asin mediación _bn _2rdamedia |
||
| 338 |
_avolumen _bnc _2rdacarrier |
||
| 040 |
_aCO-BoRNBP _bspa _erda _cCO-BoRNBP |
||
| 999 |
_c5979 _d5979 |
||